Lập trình Windows bằng Visual C++ /
שמור ב:
| מחבר ראשי: | |
|---|---|
| מחברים אחרים: | |
| פורמט: | Sách giấy |
| שפה: | Vietnamese |
| יצא לאור: |
Hà Nội :
Giáo dục ,
1999
|
| נושאים: | |
| תגים: |
הוספת תג
אין תגיות, היה/י הראשונ/ה לתייג את הרשומה!
|
| Thư viện lưu trữ: | Thư viện Trường Đại học Đà Lạt |
|---|
| LEADER | 00658nam a2200265 4500 | ||
|---|---|---|---|
| 001 | DLU020018679 | ||
| 005 | ##10/1/2001 | ||
| 020 | # | # | |a 978- |
| 041 | # | # | |a vie |
| 082 | # | # | |a 005.133 |b DA-D |
| 100 | # | # | |a Đặng Văn Đức |
| 245 | # | # | |a Lập trình Windows bằng Visual C++ / |c Đặng Văn Đức, Lê Quốc Hưng |
| 260 | # | # | |a Hà Nội : |b Giáo dục , |c 1999 |
| 300 | # | # | |a 448 tr.; |c 27 cm. |
| 650 | # | # | |a Microsoft Visual C++. |
| 700 | # | # | |a Lê Quốc Hưng |
| 992 | # | # | |a 39000 |
| 994 | # | # | |a DLU |
| 900 | # | # | |a False |
| 911 | # | # | |a Administrator |
| 925 | # | # | |a G |
| 926 | # | # | |a A |
| 927 | # | # | |a SH |
| 980 | # | # | |a Thư viện Trường Đại học Đà Lạt |